000 00649nam a2200253Ia 4500
003 OSt
005 20220928113426.0
006 a|||||r|||| 00| 0
007 ta
008 220927b |||||||| |||| 00| 0 eng d
024 _a4536
037 _cTextual
040 _aSDCL
_cSDCL
_beng
041 _2eng
_aeng
082 _aD6,8(B289C), P7
100 _aKanetkar Yashavant
245 0 _aLet us C solutions.
250 _a8
260 _aNew Delhi
_bBPB Publications
_c2007
300 _avi,472p.
_ccm.
650 _aC Programming
942 _hD6,8(B289C), P7
_cTEXL
_2CC
999 _c749411
_d749411